00444nam a22001452 4500001001100000005001700011008004100028020002700069040001500096100003300111245005900144260003200203300001800235650004500253000000633820151217155214.0071018s xx 000 0 eng d a0631192336 :cKES 5098 aKABUcKABU1 aSpencer, Andrew.@000015779210aPhonology :btheory and description /cAndrew Spencer. aOxford :bBlackwell,c1996. axxiv, 322 p. 0aEnglish languagexPhonology.@0000152044